000 01135nam a2200241Ia 4500
001 10738
003 GE_BSU
008 181216s||||||||xx |||||||||||||| ||und||
020 _a9789941064081
040 _cGE_BSU
080 _a028.1
245 _aკითხვის ეფექტური მეთოდები:[3.ნაწ.]
245 _cგამოცემაზე მუშაობდნენ:ნათია ნაცვლიშვილი,ზაქარია ქიტიაშვილი;დიზ:ბესიკ დანელია.
260 _aთბილისი.
260 _bმასწავლებელთა პროფესიული განვითარების ეროვნული ცენტრი
260 _c2013.
300 _a187გვ;+4CD;23სმ.
520 _aშემოსულია ტემპუსის პროექტით.
541 _h16ლ.50თ.
653 _aკითხვის ეფექტური მეთოდები:[3.ნაწ.]
653 _aტემპუსის პროექტით
942 _cBK
999 _c43988
_d43988